01321nam a2200325 a 4500001001200000003000800012006001900020007001500039008004100054010001700095020001800112020002700130040002100157035002100178050002200199100002200221245006600243260005800309300004300367490003400410500002000444505013100464533015200595650003200747650002500779655002900804710001700833856012600850999001900976ebr10494715CaPaEBRm u cr cn|||||||||111007s2011 inuac s 001 0 eng d z 2011930307 z9780470942246 z9781118167816 (e-book) aCaPaEBRcCaPaEBR a(OCoLC)75785690414aQA76b.T59 2011eb1 aTiwari, Shashank.10aProfessional NoSQLh[electronic resource] /cShashank Tiwari. aIndianapolis, Ind. :bJohn Wiley & Sons, Inc.,c2011. axxi, 361 p. :bill. (some col.), port.0 aWrox programmer to programmer aIncludes index.0 apt. 1. Getting started -- pt. 2. Learning the NoSQL basics -- pt. 3. Gaining proficiency with NoSQL -- pt. 4. Mastering NoSQL. aElectronic reproduction.bPalo Alto, Calif. :cebrary,d2013.nAvailable via World Wide Web.nAccess may be limited to ebrary affiliated libraries. 0aElectronic data processing. 0aDatabase management. 7aElectronic books.2local2 aebrary, Inc.40uhttp://site.ebrary.com/lib/rucke/Doc?id=10494715zAn electronic book accessible through the World Wide Web; click to view c129959d129959